| 000 | ncm a22 a 4500 | ||
|---|---|---|---|
| 999 |
_c349536 _d349536 |
||
| 003 | BLK | ||
| 005 | 20200427155226.0 | ||
| 008 | 200325b bu ||||| |||| 00| 0 bu d | ||
| 040 | _aBLK | ||
| 041 |
_aBUL _cBUL |
||
| 080 |
_aМузика за духови инструменти _b788 _z788 |
||
| 139 |
_aАнсамблови пиеси за духови инструменти от български композитори _bА 73 |
||
| 245 |
_aАнсамблови пиеси за духови инструменти от български композитори _bНотирана музика _cсъстав. и ред. на соловите партии Костадин Чилев |
||
| 260 |
_9209548 _aСофия _bНаука и изкуство _c1989 |
||
| 300 |
_a1 партитура (64 с.) _c34 см _e3 партии |
||
| 380 | _a7 | ||
| 700 |
_91529 _aЧилев, Костадин Димитров _eсъстав. и ред. |
||
| 852 |
_aЦб М ІІ 6350 _c788/А 73 |
||
| 942 |
_cNOT _n0 _s1 |
||
| 944 |
_aCR _c2020-03-25 _l2020-03-25 |
||
| 999 | _d349536 | ||
| 999 | _d349536 | ||
| 999 | _d349536 | ||
| 999 | _d349531 | ||
| 999 | _d349530 | ||
| 999 | _d349529 | ||